[Event "4th Gligoric Cup 2017"]
[Site "Novi Banovci SRB"]
[Date "2017.05.27"]
[Round "4.7"]
[White "Cvetkovic,Sr"]
[Black "Labus,V"]
[Result "0-1"]
[WhiteElo "2279"]
[BlackElo "2072"]

1.c4 e5 2.g3 Nf6 3.Bg2 Bc5 4.Nc3 O-O 5.e3 Re8 6.Nge2 Bf8 7.O-O Nc6 8.d3 Ne7
9.e4 Ng6 10.h3 a5 11.Be3 b6 12.d4 Ba6 13.b3 exd4 14.Bxd4 d6 15.Qc2 Rb8 16.Rad1
Bb7 17.Nd5 Nd7 18.Bb2 c6 19.Ne3 Qc7 20.Nd4 Rbd8 21.h4 Ne7 22.h5 h6 23.Qc3 Bc8
24.f4 Nf6 25.Bf3 Qb8 26.Nef5 Bxf5 27.Nxf5 Nxf5 28.exf5 d5 29.Qc2 d4 30.Bxc6
Re3 31.Bf3 d3 32.Qg2 Bc5 33.Kh2 Qd6 34.Be5 Rxe5 35.fxe5 Qxe5 36.Rde1 Qxf5
37.Bd1 Qg5 38.Rf4 Bd6 39.Rd4 Bxg3+ 40.Qxg3 Qxg3+ 41.Kxg3 Rxd4 42.Kf3 Rd6
43.Re5 g5 44.Ke3 Kg7 45.c5 bxc5 46.Rxc5 Rd5 47.Rc4 d2 48.Rc2 Nd7 49.Rxd2 Rxd2
50.Kxd2 f5 51.Kc3 Ne5 52.Kd4 Kf6 53.a3 g4 54.Ke3 Kg5 55.b4 f4+ 56.Ke4 g3
57.Bf3 Nxf3 58.Kxf3 axb4 59.axb4 Kf5 {#R} 0-1

[Event "Bodensee Open 2017"]
[Site "Bregenz AUT"]
[Date "2017.05.26"]
[Round "7.17"]
[White "Mojzis,Jar"]
[Black "Sahl,S"]
[Result "1-0"]
[WhiteElo "2090"]
[BlackElo "2170"]

1.c4 e5 2.Nc3 Bb4 3.Nf3 Bxc3 4.bxc3 d6 5.c5 Nc6 6.cxd6 cxd6 7.g3 b6 8.Bg2 Bb7
9.O-O Nf6 10.d3 O-O 11.a4 Rc8 12.c4 Qe7 13.Nh4 Nd4 14.Bh3 Ne6 15.a5 Qc7
16.axb6 axb6 17.Nf5 Rfd8 18.Ba3 Ra8 19.Qb3 g6 20.Ne3 Nd4 21.Qb2 Ra6 22.Bb4
Rda8 23.Rxa6 Rxa6 24.Bc3 Ne6 25.Ra1 Ng5 26.Bf1 Rxa1 27.Qxa1 Ne6 28.h4 Bc6
29.Qb2 Nc5 30.Qa3 b5 31.Bxe5 b4 32.Qxb4 Nxd3 33.Qxd6 Qxd6 34.Bxd6 Nxf2 35.Be7
N2g4 36.Nxg4 Nxg4 37.c5 Ne3 38.Bh3 f5 39.Bg5 Nd5 40.Bg2 Kf7 41.Kf2 Ke6 42.Bh6
Bb5 43.Bg7 Nb4 44.Ke3 Nd5+ 45.Kd4 Ne7 46.Ke3 Nd5+ 47.Kd2 Ne7 48.Bf3 Kf7 49.Bc3
Ke6 50.Ke3 Nd5+ 51.Kd4 Ne7 52.Bd2 Nc6+ 53.Kc3 Ne5 54.Bg2 Bxe2 55.c6 Bb5 56.c7
Ba6 57.Bf4 Nf7 58.Kd4 Nd6 59.Bd5+ Kd7 60.Kc5 Nc8 61.Bg8 h6 62.Bh7 Ne7 63.Bd6
Nc8 64.Bf4 Ne7 65.Kb6 Bc8 66.Kc5 Ba6 67.Be5 Bc8 68.Bf6 g5 69.hxg5 hxg5 70.Bxg5
Ke6 71.Bxe7 Kxe7 72.Bg8 Kd7 73.Kb6 Kd6 74.Bc4 Ke5 75.Ba6 Be6 76.Kc6 f4
77.gxf4+ Kxf4 78.Kd6 Kf5 79.Bb5 Kf6 {#r} 1-0

[Event "26th Chicago Open 2017"]
[Site "Chicago USA"]
[Date "2017.05.27"]
[Round "4.39"]
[White "Homa,S"]
[Black "Proleiko,Julian"]
[Result "1-0"]
[WhiteElo "2285"]
[BlackElo "2119"]
[EventType "swiss"]

1.c4 e5 2.Nc3 Bb4 3.Qc2 Nf6 4.Nf3 Nc6 5.e3 O-O 6.Nd5 Bc5 7.a3 a5 8.b3 h6 9.Bb2
d6 10.d4 exd4 11.exd4 Ba7 12.Ne3 Re8 13.O-O-O d5 14.h3 Ne7 15.g4 c6 16.g5 hxg5
17.Nxg5 Ng6 18.Rg1 Ne4 19.Nxe4 dxe4 20.d5 Qh4 21.c5 cxd5 22.Rxd5 Bb8 23.Bb5
Re6 24.Rg4 {#r} 1-0

[Event "4th Gligoric Cup 2017"]
[Site "Novi Banovci SRB"]
[Date "2017.05.26"]
[Round "2.3"]
[White "Cvetkovic,Sr"]
[Black "Radlovacki,J"]
[Result "0-1"]
[WhiteElo "2279"]
[BlackElo "2363"]

1.c4 e5 2.Nc3 Bb4 3.Qc2 Nf6 4.e3 O-O 5.Nge2 Re8 6.a3 Bf8 7.g3 c6 8.Bg2 d5
9.cxd5 cxd5 10.d4 e4 11.O-O Bg4 12.Qb3 Nc6 13.Nf4 Na5 14.Qa2 Rc8 15.h3 Bf3
16.Bxf3 exf3 17.Nfxd5 Nc4 18.Nxf6+ Qxf6 19.Qb1 Nd6 20.e4 Qxd4 21.Be3 Qf6
22.Qd3 Nc4 23.Bd4 Nxb2 24.Qe3 Qd8 25.Nd5 Nc4 26.Qxf3 Nd2 27.Qd3 Nxf1 28.Rxf1
Qd6 29.Bb2 Qe6 30.Qd4 Rc6 31.e5 Bc5 32.Qd3 Qxh3 33.Nf4 Qc8 34.Kg2 Rd8 35.Qb3
Rb6 36.Qc3 Qc6+ 37.f3 Bxa3 38.Qxa3 Rd2+ 39.Kh3 Rbxb2 40.e6 Rh2+ {#R} 0-1

[Event "Bodensee Open 2017"]
[Site "Bregenz AUT"]
[Date "2017.05.24"]
[Round "5.5"]
[White "Tarlev,K"]
[Black "Van den Bersselaar,J"]
[Result "1-0"]
[WhiteElo "2567"]
[BlackElo "2154"]

1.c4 e5 2.Nc3 Nf6 3.g3 d5 4.cxd5 Nxd5 5.Bg2 Nb6 6.Nf3 Nc6 7.O-O Be7 8.a3 O-O
9.b4 Be6 10.d3 f6 11.Bb2 a5 12.b5 Nd4 13.Nxd4 exd4 14.Ne4 Qd7 15.a4 f5 16.Nd2
Bd5 17.Bxd5+ Qxd5 18.Qb3 Bf6 19.Rfc1 Rfe8 20.Kf1 Re7 21.Rc5 Qxb3 22.Nxb3 Rd8
23.Rxf5 Nd5 24.Nxa5 {#r} 1-0

[Event "Bodensee Open 2017"]
[Site "Bregenz AUT"]
[Date "2017.05.27"]
[Round "8.3"]
[White "Knoedler,D"]
[Black "Tarlev,K"]
[Result "0-1"]
[WhiteElo "2308"]
[BlackElo "2567"]

1.c4 e5 2.g3 Nf6 3.Bg2 d5 4.cxd5 Nxd5 5.Nc3 Nb6 6.Nf3 Nc6 7.O-O Be7 8.a3 Be6
9.b4 O-O 10.Rb1 f6 11.d3 a6 12.Nd2 Nd5 13.Bb2 Kh8 14.Nce4 a5 15.b5 Na7 16.a4
c6 17.bxc6 Nxc6 18.Nc4 Bb4 19.Rc1 Qe7 20.Nc3 Nc7 21.e3 Rad8 22.Qe2 Na6 23.Na2
Nc5 24.Bxc6 bxc6 25.Nxb4 axb4 26.Na5 Nxd3 27.Nxc6 Nxc1 28.Rxc1 Qd7 29.Nxd8
Rxd8 30.a5 Qd2 31.Qxd2 Rxd2 32.a6 Rxb2 33.Ra1 h5 34.e4 Bc8 35.a7 Bb7 36.a8=Q+
Bxa8 37.Rxa8+ Kh7 38.Rb8 g5 39.h4 g4 40.Kf1 b3 41.Rb6 Kg7 42.Rb7+ Kf8 43.Ke1
Ke8 44.Rb6 Ke7 45.Rb7+ Kd6 46.Rb6+ Kc5 47.Rxf6 Ra2 {#R} 0-1

[Event "26th Chicago Open 2017"]
[Site "Chicago USA"]
[Date "2017.05.25"]
[Round "1.29"]
[White "Eckert,D"]
[Black "Tarjan,J"]
[Result "0-1"]
[WhiteElo "2152"]
[BlackElo "2411"]
[EventType "swiss"]

1.c4 e5 2.g3 Nf6 3.Bg2 d5 4.cxd5 Nxd5 5.Nc3 Nb6 6.Nf3 Nc6 7.O-O Be7 8.a3 O-O
9.b4 Be6 10.Rb1 f6 11.d3 a5 12.b5 Nd4 13.Nd2 Qc8 14.e3 Nf5 15.Qc2 Rd8 16.Nce4
a4 17.Re1 Kh8 18.Bf1 Rd5 19.Bb2 Qd8 20.Nc3 Rd7 21.Rbd1 Nd6 22.Qb1 Qf8 23.Qa1
Rad8 24.Rc1 Qf7 25.Nde4 Nxe4 26.Nxe4 Bf5 27.Bg2 Qb3 28.d4 Nc4 29.Bc3 Bxa3
30.Rb1 Qc2 31.f3 Bxe4 32.fxe4 Nxe3 33.Bh3 exd4 34.Qxa3 dxc3 35.Rbc1 Rd1
36.Rxc2 Nxc2 37.Qxc3 Nxe1 38.Qxc7 a3 39.Be6 Nc2+ 40.Kg2 R1d2+ 41.Kh3 R2d6
42.Bd5 Nb4 43.Qxb7 R6d7 44.Qb6 Nxd5 45.exd5 Ra8 46.Qc6 Rdd8 {#R} 0-1

[Event "26th Chicago Open 2017"]
[Site "Chicago USA"]
[Date "2017.05.26"]
[Round "3.4"]
[White "Shetty,A"]
[Black "Sevian,Samuel"]
[Result "0-1"]
[WhiteElo "2422"]
[BlackElo "2585"]
[EventType "swiss"]

1.c4 e5 2.g3 Nf6 3.Bg2 d5 4.cxd5 Nxd5 5.Nc3 Nb6 6.Nf3 Nc6 7.O-O Be7 8.a3 O-O
9.b4 Be6 10.Rb1 f6 11.d3 a5 12.b5 Nd4 13.Nd2 Qc8 14.e3 Nf5 15.Qc2 Rd8 16.Bb2
a4 17.Rfc1 Nd6 18.Nde4 Bb3 19.Qe2 Nf7 20.Nd2 Be6 21.Nc4 Nxc4 22.dxc4 c6
23.bxc6 bxc6 24.Nd5 Bc5 25.Nb4 Bg4 26.Qf1 Ng5 27.Nd3 Nh3+ 28.Kh1 Rxd3 29.Bxh3
Rb3 30.Bxg4 Qxg4 31.Qg2 Rab8 32.Qxc6 Bxa3 33.Qd5+ Kh8 34.c5 Bxb2 35.Rc4 Qe2
36.c6 Ba3 37.Rg1 Rb1 38.c7 Rxg1+ 39.Kxg1 Rb1+ 40.Kg2 Qf1+ 41.Kf3 Qh1+ 42.Kg4
Qxd5 43.c8=Q+ Qg8 {#R} 0-1

[Event "26th Chicago Open 2017"]
[Site "Chicago USA"]
[Date "2017.05.27"]
[Round "4.24"]
[White "Shen,Christopher Y"]
[Black "Friedel,J"]
[Result "0-1"]
[WhiteElo "2206"]
[BlackElo "2528"]
[EventType "swiss"]

1.c4 e5 2.g3 Nf6 3.Bg2 d5 4.cxd5 Nxd5 5.Nc3 Nb6 6.Nf3 Nc6 7.O-O Be7 8.a3 O-O
9.b4 Be6 10.Rb1 f6 11.d3 Nd4 12.Nd2 c6 13.e3 Nb5 14.Nxb5 cxb5 15.Ne4 Na4
16.Qd2 Rc8 17.Nc5 Bxc5 18.bxc5 Nxc5 19.d4 Nb3 20.Qd1 exd4 21.Bxb7 Rxc1 22.Rxc1
Nxc1 23.Qxc1 Bc4 24.Rd1 Qe7 25.Bg2 d3 26.Qc3 Rd8 27.Bf1 Qe4 28.Bg2 Qe5 29.Qa5
Qd6 30.Rd2 Qb6 31.Qc3 Rd6 32.h4 h6 33.Be4 Qd8 34.Qb4 Qd7 35.Qc5 Be6 36.Qc3 Bf5
37.Bf3 Qe6 38.Qc7 Kh7 39.Kh2 Rd7 40.Qc5 Qe5 41.Qxe5 fxe5 42.g4 Be6 43.Rxd3
Rxd3 44.Be4+ Kg8 45.Bxd3 Bc4 46.Bc2 a5 47.Kg2 a4 48.Kf3 b4 49.axb4 a3 50.Bb1
Kf7 51.Ke4 Ke6 52.f4 Bd5+ 53.Kd3 a2 54.Bxa2 Bxa2 55.b5 Kd5 56.b6 Bc4+ 57.Kc3
Ba6 58.f5 e4 59.h5 Ke5 60.Kb4 Kf6 61.Kc5 Kg5 62.Kd5 Bb7+ 63.Ke6 Kxg4 {#R} 0-1

[Event "10th KIIT Elite Open 2017"]
[Site "Bhubaneswar IND"]
[Date "2017.05.27"]
[Round "3.3"]
[White "Rahman,Zia"]
[Black "Akash Pc,I"]
[Result "1-0"]
[WhiteElo "2526"]
[BlackElo "2282"]

1.c4 e5 2.Nc3 Nc6 3.g3 g6 4.Bg2 Bg7 5.Rb1 f5 6.b4 Nf6 7.b5 Ne7 8.Qb3 d6 9.Nf3
Nd7 10.O-O Nc5 11.Qc2 O-O 12.Ba3 Ne6 13.e3 g5 14.Nd5 g4 15.Nh4 Ng6 16.Nxg6
hxg6 17.c5 Nxc5 18.Bxc5 dxc5 19.Qxc5 Rf7 20.Nb4 Kh7 21.Rfd1 Rd7 22.d3 Qe8
23.Qc4 Bf8 24.Nd5 Qf7 25.a4 Bd6 26.Rdc1 Qg7 27.h3 Rf7 28.hxg4 fxg4 29.Nc3 Bf5
30.Bd5 Rf6 31.Kg2 Qf8 32.Rh1+ Kg7 33.Rbf1 c6 34.bxc6 bxc6 35.Be4 Be6 36.Qxc6
Rc8 37.Qb7+ Rc7 38.Qb2 Ba3 39.Qa1 Bb4 40.Nb5 Rc5 41.Qb2 a5 42.Rc1 Rxc1 43.Rxc1
Kg8 44.Kg1 Bd7 45.Qxe5 Rxf2 46.Qd5+ Qf7 47.Qxf7+ {#r} 1-0

[Event "26th Chicago Open 2017"]
[Site "Chicago USA"]
[Date "2017.05.26"]
[Round "2.30"]
[White "Kambrath,Y"]
[Black "Wang,Jason"]
[Result "1-0"]
[WhiteElo "2326"]
[BlackElo "2016"]
[EventType "swiss"]

1.c4 e5 2.Nc3 Nc6 3.e3 Bc5 4.a3 a6 5.Nf3 d6 6.Be2 Ba7 7.O-O Nge7 8.b4 O-O
9.Bb2 Bg4 10.Qb3 Qd7 11.a4 Nd8 12.h3 Be6 13.Rfd1 c6 14.d4 exd4 15.Nxd4 f6
16.Nxe6 Qxe6 17.Rxd6 Qf7 18.Rad1 Ng6 19.Rd7 Qe6 20.Bg4 Qe8 21.c5+ Kh8 22.Bf5
Ne5 23.R7d2 Qe7 24.Bb1 a5 25.Ne4 axb4 26.Qxb4 b6 27.Ba3 bxc5 28.Nxc5 Bxc5
29.Qxc5 Qxc5 30.Bxc5 Re8 31.Bd4 Ne6 32.Bxe5 fxe5 33.Be4 Rac8 34.Rd6 c5 35.Bf5
{#r} 1-0

[Event "26th Chicago Open 2017"]
[Site "Chicago USA"]
[Date "2017.05.26"]
[Round "3.5"]
[White "Li,Ruifeng"]
[Black "Harmon-Vellotti,Luke"]
[Result "0-1"]
[WhiteElo "2574"]
[BlackElo "2449"]
[EventType "swiss"]

1.c4 e5 2.Nc3 Nc6 3.g3 g6 4.Bg2 Bg7 5.e3 d6 6.Nge2 f5 7.O-O Nf6 8.b3 O-O 9.Bb2
Ne7 10.d4 e4 11.f3 exf3 12.Bxf3 c6 13.Qd3 Be6 14.Ba3 Bf7 15.Rac1 g5 16.e4 Bg6
17.Qe3 fxe4 18.Nxe4 Nf5 19.Qd2 Nxe4 20.Bxe4 Qe7 21.Bg2 Rae8 22.Rce1 Qe3+
23.Qxe3 Nxe3 24.Rxf8+ Bxf8 25.Nc1 Bg7 26.Bxd6 Bxd4 27.Kh1 Re6 28.Bb8 Rf6
29.Be5 Bxe5 30.Rxe3 Bd4 31.Re2 Bc5 32.b4 Bxb4 33.Nb3 Bf7 34.Rc2 a5 35.h3 Re6
36.Nd4 Re1+ 37.Kh2 Bg6 38.Rf2 Bc5 39.Rd2 Bb4 40.Rf2 Bc5 41.Rd2 a4 42.Nf3 Rb1
43.g4 Be3 44.Rd8+ Kf7 45.h4 gxh4 46.Ra8 Bc2 47.Kh3 Rb2 48.Ne1 Bd1 49.Nd3 Rxa2
50.Rb8 Ra3 51.Rxb7+ Kf6 52.Be4 Bf3 53.Bxf3 Rxd3 54.Rc7 Bd4 55.Rxc6+ Kg5 56.Kg2
h3+ 57.Kg3 h2 {#R} 0-1

[Event "TCh-FRA Top 12 2017"]
[Site "Chartres FRA"]
[Date "2017.05.25"]
[Round "8.2"]
[White "Dorfman,I"]
[Black "Marie,M"]
[Result "1-0"]
[WhiteElo "2560"]
[BlackElo "2177"]

1.Nf3 Nf6 2.g3 g6 3.c4 Bg7 4.Bg2 O-O 5.O-O d6 6.Nc3 Nc6 7.Rb1 a5 8.a3 e5 9.d3
h6 10.b4 axb4 11.axb4 Ne7 12.Bb2 g5 13.Ra1 Rb8 14.b5 Be6 15.Nd2 Qd7 16.Ra7 Bh3
17.e4 Ng6 18.Re1 Nh7 19.Nd5 h5 20.Nf1 Be6 21.Nfe3 g4 22.Bc1 Kh8 23.f3 gxf3
24.Qxf3 f5 25.Qxh5 f4 26.Nf5 Bxf5 27.exf5 Rxf5 28.Qxg6 f3 29.Rf1 e4 30.Bh3
Bd4+ 31.Be3 Bxe3+ 32.Nxe3 {#r} 1-0

[Event "TCh-FRA Top 12 2017"]
[Site "Chartres FRA"]
[Date "2017.05.27"]
[Round "10.3"]
[White "Relange,E"]
[Black "Le Corre,B"]
[Result "1-0"]
[WhiteElo "2464"]
[BlackElo "2261"]

1.Nf3 d6 2.g3 g6 3.Bg2 Bg7 4.O-O Nf6 5.c4 O-O 6.Nc3 Nc6 7.Rb1 e5 8.d3 Bd7 9.b4
Qc8 10.Re1 Bh3 11.Bh1 Re8 12.b5 Nd4 13.a4 Nxf3+ 14.Bxf3 Bf5 15.Qc2 Rb8 16.Be3
b6 17.a5 Qe6 18.Bc6 e4 19.Qd2 Rf8 20.Bg5 bxa5 21.Bxf6 Bxf6 22.Nxe4 Bxe4
23.Bxe4 Bd4 24.Qxa5 Qf6 25.Rf1 Bb6 26.Qa1 Bd4 27.Qa2 Rfe8 28.e3 Rxe4 29.dxe4
Bc5 30.Qe2 Re8 31.Qg4 h5 32.Qf4 Qe6 33.e5 dxe5 34.Qe4 f5 35.Qb7 Re7 36.Rbd1
Kg7 37.Qd5 Qb6 38.Ra1 Qd6 39.Rfd1 Rd7 40.Qf3 Qe6 41.Rxd7+ Qxd7 42.Rd1 Qe6
43.Rd5 Qe7 44.Qd1 Kh6 45.Rd7 Qg5 46.h4 {#r} 1-0

[Event "Bodensee Open 2017"]
[Site "Bregenz AUT"]
[Date "2017.05.24"]
[Round "5.3"]
[White "Schaefer,Mi1"]
[Black "Rogozenco,Teodora"]
[Result "1-0"]
[WhiteElo "2222"]
[BlackElo "2139"]

1.c4 Nf6 2.Nf3 g6 3.Nc3 Bg7 4.g3 O-O 5.Bg2 d6 6.O-O Nc6 7.Rb1 e5 8.d3 a5 9.a3
Bf5 10.b4 axb4 11.axb4 Qd7 12.b5 Nd8 13.Bg5 e4 14.Ne1 exd3 15.Nxd3 Re8 16.Qd2
Qc8 17.Bxf6 Bxf6 18.Nd5 Bg7 19.b6 Ra3 20.Qb4 Ra2 21.bxc7 Nc6 22.Qxb7 Qxb7
23.Rxb7 Raxe2 24.N5f4 Na5 25.Ra7 Bxd3 26.Nxd3 Nxc4 27.Rc1 Nb6 28.Rb7 Nc8
29.Rb8 Rf8 30.Nf4 Re7 31.Bb7 Ree8 32.Rxc8 Rxc8 33.Bxc8 Rxc8 34.Nd5 {#r} 1-0

[Event "26th Chicago Open 2017"]
[Site "Chicago USA"]
[Date "2017.05.26"]
[Round "2.6"]
[White "Larrua Gonzalez,F"]
[Black "Li,Ruifeng"]
[Result "0-1"]
[WhiteElo "2367"]
[BlackElo "2574"]
[EventType "swiss"]

1.c4 e5 2.Nc3 Nc6 3.g3 g6 4.Bg2 Bg7 5.d3 d6 6.Rb1 Nge7 7.Nf3 f5 8.Qc2 h6 9.b4
a6 10.a4 a5 11.bxa5 Rxa5 12.O-O O-O 13.e3 b6 14.Nd5 Nxd5 15.cxd5 Ne7 16.Bd2
Rxd5 17.Qb3 Kh8 18.Nh4 Rc5 19.Bb4 g5 20.Bxc5 dxc5 21.Nf3 f4 22.exf4 exf4
23.Rbe1 Ng6 24.Nd2 Ne5 25.Rxe5 Bxe5 26.Nf3 Bg7 27.Re1 fxg3 28.hxg3 Qd6 29.Qc4
g4 30.Nh4 Bd4 {#R} 0-1

[Event "26th Chicago Open 2017"]
[Site "Chicago USA"]
[Date "2017.05.26"]
[Round "2.31"]
[White "Mills,JA"]
[Black "Ishhanov,T"]
[Result "1-0"]
[WhiteElo "2097"]
[BlackElo "2271"]
[EventType "swiss"]

1.c4 e5 2.Nc3 Nf6 3.Nf3 Nc6 4.d4 exd4 5.Nxd4 Bb4 6.Nc2 Bxc3+ 7.bxc3 Ne4 8.Qd5
Qe7 9.g3 O-O 10.Bg2 Nxc3 11.Qd3 Na4 12.O-O d6 13.Ne3 Ne5 14.Qc2 Nc5 15.f4 Ng4
16.Nd5 Qd8 17.h3 Nf6 18.e4 c6 19.Nxf6+ Qxf6 20.Bb2 Qe7 21.Rad1 f6 22.Rfe1 Be6
23.e5 fxe5 24.fxe5 Bf5 25.Qc3 Na4 26.exd6 Qd7 27.Qd4 Rae8 28.Ba1 c5 29.Qd5+
Be6 30.Qxb7 Bxh3 31.Qxd7 Bxd7 32.Re7 {#r} 1-0

[Event "26th Chicago Open 2017"]
[Site "Chicago USA"]
[Date "2017.05.26"]
[Round "2.37"]
[White "Homa,S"]
[Black "Eckert,D"]
[Result "1-0"]
[WhiteElo "2285"]
[BlackElo "2152"]
[EventType "swiss"]

1.c4 e5 2.Nc3 Bb4 3.Qc2 Nf6 4.Nf3 Nc6 5.e3 Bxc3 6.Qxc3 Qe7 7.d4 Ne4 8.Qd3 exd4
9.Nxd4 O-O 10.Be2 Qb4+ 11.Kf1 Qe7 12.f3 Nc5 13.Qd2 d6 14.Nxc6 bxc6 15.b3 Re8
16.Qc3 a5 17.Bb2 f6 18.Kf2 Bb7 19.Rhe1 Nd7 20.Bd3 c5 21.Bf5 a4 22.Qc2 Nf8
23.Bc3 Bc6 24.b4 cxb4 25.Bxb4 Rab8 26.Rab1 Kh8 27.Qc3 Qf7 28.Bc2 Qh5 29.c5 d5
30.Kg1 Ne6 31.Qd3 Bb5 32.Qf5 Qxf5 33.Bxf5 Bc4 34.a3 c6 35.Rbc1 g6 36.Bc2 Bb5
37.Rcd1 Kg7 38.g4 Rbd8 39.Kf2 Kf7 40.h4 Rd7 41.h5 Red8 42.hxg6+ hxg6 43.Rh1
Kg7 44.Bc3 d4 45.exd4 Nc7 46.g5 Nd5 47.gxf6+ Kxf6 48.Bd2 Re8 49.Be4 Ne7 50.Bf4
Nf5 51.Be5+ Ke7 52.Rdg1 Kd8 53.Rxg6 Rxe5 54.dxe5 Rd2+ 55.Kg1 Nd4 56.Rd6+ {#r}
1-0

[Event "26th Chicago Open 2017"]
[Site "Chicago USA"]
[Date "2017.05.27"]
[Round "4.4"]
[White "Nyzhnyk,I"]
[Black "Georgiev,Vl"]
[Result "1-0"]
[WhiteElo "2610"]
[BlackElo "2511"]
[EventType "swiss"]

1.c4 e5 2.Nc3 Nf6 3.Nf3 Nc6 4.e3 d6 5.d4 g6 6.dxe5 Nxe5 7.Nxe5 dxe5 8.Qxd8+
Kxd8 9.b3 Bb4 10.Bb2 Ke7 11.a3 Bd6 12.Nb5 a6 13.Nxd6 cxd6 14.Be2 Be6 15.f4 Nd7
16.fxe5 Nxe5 17.a4 Rhc8 18.Rd1 a5 19.Ba3 Rc6 20.Rd4 Rb6 21.Kd2 Nd7 22.Kc3 Nc5
23.Bd1 Na6 24.Rf1 Rc8 25.Rf2 Nb4 26.e4 Rc5 27.Bc1 Nc6 28.Rdd2 Re5 29.Rde2 Bg4
30.Re1 Bxd1 31.Rxd1 Nb4 32.Rdf1 f5 33.exf5 gxf5 34.Bf4 Re4 35.Bg5+ Kd7 36.Rxf5
Na2+ 37.Kb2 Re2+ 38.Ka3 Nc3 39.R5f2 Re8 40.Bd2 Ne4 41.Rf7+ {#r} 1-0

[Event "26th Chicago Open 2017"]
[Site "Chicago USA"]
[Date "2017.05.27"]
[Round "4.5"]
[White "Belous,V"]
[Black "Troff,Kayden W"]
[Result "1-0"]
[WhiteElo "2587"]
[BlackElo "2482"]
[EventType "swiss"]

1.c4 Nf6 2.Nc3 e5 3.Nf3 Nc6 4.e3 Bb4 5.Qc2 Bxc3 6.Qxc3 Qe7 7.a3 d5 8.d4 exd4
9.Nxd4 Nxd4 10.Qxd4 O-O 11.Bd2 c5 12.Qh4 Qe5 13.O-O-O Bf5 14.Bc3 Qe4 15.Qxe4
Nxe4 16.Be1 dxc4 17.f3 Nf6 18.Bxc4 Be6 19.Bxe6 fxe6 20.e4 Rfd8 21.Bh4 h6
22.Kc2 Kf7 23.Kc3 e5 24.Bf2 b6 25.Kc4 Ke6 26.a4 Ne8 27.Be3 Rac8 28.Kc3 Nc7
29.g3 Ne8 30.Rd3 Rxd3+ 31.Kxd3 Nd6 32.Bd2 Rd8 33.Ke2 b5 34.Rc1 Rc8 35.axb5
Nxb5 36.Ra1 Rb8 37.Kf2 Rb7 38.h4 h5 39.Ra4 g6 40.f4 Rd7 41.Ke3 Rd4 42.Ra6+ Rd6
43.Ra5 a6 44.Bc3 exf4+ 45.gxf4 c4 46.Be5 Rc6 47.Ra1 Ke7 48.Kf3 Rb6 49.Rg1 a5
50.Ra1 Nd6 51.Bc3 Rb3 52.Ra3 Rxa3 53.bxa3 Nb5 54.Bxa5 c3 55.Ke3 Kd7 56.a4 c2
57.Bd2 Nc3 58.a5 Na4 59.a6 Kc6 60.f5 gxf5 61.exf5 Nc5 62.f6 Kb6 63.f7 Ne6
64.Kd3 Kxa6 65.Kxc2 Kb5 66.Bh6 {#r} 1-0

[Event "TCh-FRA Top 12 2017"]
[Site "Chartres FRA"]
[Date "2017.05.23"]
[Round "6.2"]
[White "Demuth,A"]
[Black "Bellaiche,A"]
[Result "1-0"]
[WhiteElo "2542"]
[BlackElo "2471"]

1.c4 Nf6 2.Nf3 c5 3.g3 b6 4.Bg2 Bb7 5.O-O e6 6.Nc3 Be7 7.d4 cxd4 8.Qxd4 Nc6
9.Qf4 O-O 10.Rd1 Qb8 11.Qxb8 Raxb8 12.Bf4 Rbc8 13.b3 Rfd8 14.Bd6 Bxd6 15.Rxd6
Ne8 16.Rd2 Kf8 17.e4 d6 18.h3 h6 19.Rad1 Ke7 20.Re1 Nb8 21.Nd4 Kf8 22.Red1 Ke7
23.Re2 Kf8 24.f4 a6 25.f5 e5 26.Nc2 b5 27.Ne3 Nc6 28.Red2 Nd4 29.Kf2 Nf6 30.g4
Ke7 31.Kg3 b4 32.Ncd5+ Bxd5 33.exd5 Nd7 34.Rf2 Ke8 35.h4 Nc5 36.g5 hxg5
37.hxg5 Kd7 38.f6 Rg8 39.Bh3+ Kc7 40.Bxc8 Ne4+ 41.Kg2 Kxc8 42.Rxd4 exd4 43.Nf5
Kd7 44.fxg7 d3 45.Rf3 d2 46.Rd3 a5 47.Kf1 Kc7 48.Ke2 Re8 49.Re3 Ng3+ 50.Nxg3
Rxe3+ 51.Kxd2 {#r} 1-0

[Event "36th Zalakaros Open 2017"]
[Site "Zalakaros HUN"]
[Date "2017.05.23"]
[Round "6.5"]
[White "Nisipeanu,LD"]
[Black "Mihok,O"]
[Result "1-0"]
[WhiteElo "2686"]
[BlackElo "2532"]

1.Nf3 c5 2.c4 Nc6 3.Nc3 g6 4.e3 Nf6 5.d4 cxd4 6.exd4 d5 7.cxd5 Nxd5 8.Qb3 Nxc3
9.Bc4 Nd5 10.Bxd5 e6 11.Bxc6+ bxc6 12.O-O f6 13.Be3 Qd5 14.Nd2 Ba6 15.Rfc1
Qxb3 16.Nxb3 Kd7 17.Bf4 g5 18.Bg3 h5 19.h4 g4 20.Nc5+ Bxc5 21.Rxc5 Bd3 22.Re1
Bb5 23.b3 Bd3 24.Re3 Bf5 25.Ra5 a6 26.Bf4 Ra7 27.Rc3 Be4 28.Rc4 Bd5 29.Rb4 Be4
30.Rb6 Bd3 31.f3 gxf3 32.gxf3 Bb5 33.a4 Be2 34.Kf2 Bd3 35.Rc5 Rc8 36.Bb8 Ra8
37.Rb7+ Ke8 38.Rxh5 {#r} 1-0

[Event "36th Zalakaros Open 2017"]
[Site "Zalakaros HUN"]
[Date "2017.05.26"]
[Round "9.8"]
[White "Mikhalevski,V"]
[Black "Mihok,O"]
[Result "1-0"]
[WhiteElo "2520"]
[BlackElo "2532"]

1.c4 c5 2.Nf3 Nc6 3.Nc3 e5 4.e3 f5 5.d4 e4 6.d5 exf3 7.dxc6 dxc6 8.Qxd8+ Kxd8
9.gxf3 Nf6 10.b3 Bd6 11.Bb2 Ke7 12.O-O-O Be6 13.h4 Rhd8 14.Na4 b6 15.Be2 Kf7
16.Bc3 Be7 17.Rdg1 Rd6 18.Nb2 Rad8 19.Kc2 Ne8 20.Nd3 Bf6 21.Rd1 Bxc3 22.Kxc3
Nf6 23.Ne5+ Ke7 24.Bd3 Bf7 25.Bc2 g6 26.Rhe1 Be8 27.Nd3 Kf8 28.Nf4 Rxd1
29.Bxd1 Bf7 30.Bc2 b5 31.Nd3 Nd7 32.Bd1 a5 33.a4 Rb8 34.Bc2 Ke7 35.Ra1 bxc4
36.bxc4 Kf6 37.f4 Be6 38.Rd1 Ke7 39.Ne5 Rb6 40.h5 Nxe5 41.fxe5 g5 42.Rd6 h6
43.f3 Ra6 44.f4 gxf4 45.exf4 Rb6 46.Bb3 Ra6 47.Bd1 Rb6 48.Bc2 Rb4 49.Kd2 Rb6
50.Kc1 Rb4 51.Kd1 Bxc4 52.Rxh6 Bf7 53.Rh8 Rxf4 54.h6 Rf1+ 55.Kd2 Rf2+ 56.Kc1
Rf1+ 57.Kb2 Rf2 58.Kc1 Rf1+ 59.Kd2 Rf2+ 60.Kd1 Rf1+ 61.Ke2 Rh1 62.Bxf5 Rh5
63.h7 Rxf5 64.Re8+ Bxe8 65.h8=Q Bf7 66.Qb8 Bd5 67.Qc7+ Ke6 68.Qd6+ Kf7 69.Qxc5
Rxe5+ 70.Kd2 Re4 71.Qxa5 Ke6 72.Qa7 Kd6 73.a5 Ra4 74.Qb8+ Kd7 75.Qb7+ Kd6
76.Qb8+ Kd7 77.a6 c5 78.a7 Bc6 79.Kc3 Ke6 80.Qb3+ {#r} 1-0

[Event "Bodensee Open 2017"]
[Site "Bregenz AUT"]
[Date "2017.05.26"]
[Round "7.5"]
[White "Schaefer,Mi1"]
[Black "Knoedler,D"]
[Result "0-1"]
[WhiteElo "2222"]
[BlackElo "2308"]

1.c4 e6 2.Nf3 Nf6 3.g3 b6 4.Bg2 Bb7 5.O-O c5 6.Nc3 a6 7.Re1 Be7 8.e4 d6 9.d4
cxd4 10.Nxd4 Qc7 11.Be3 Nbd7 12.Rc1 Rc8 13.f4 Qb8 14.Qe2 O-O 15.Bf2 h5 16.h3
Rfe8 17.g4 hxg4 18.hxg4 e5 19.Nf5 exf4 20.Nxe7+ Rxe7 21.Bh4 Re5 22.g5 Nh7
23.Qg4 Ndf8 24.Nd5 Bxd5 25.cxd5 Rce8 26.Bf2 Ng6 27.Rc6 Rxg5 28.Qh3 f3 29.Qxf3
Ne5 30.Qc3 Nxc6 31.dxc6 Qc7 32.Kf1 Nf6 33.b4 b5 34.Qe3 Rge5 35.Qb6 Qxb6
36.Bxb6 Nxe4 37.Kg1 Ng5 38.Rxe5 dxe5 39.c7 Ne6 40.Bb7 Nxc7 {#R} 0-1

[Event "Deltalift Open 2017"]
[Site "Tylosand SWE"]
[Date "2017.05.25"]
[Round "4.19"]
[White "Goransson,Martin"]
[Black "Nyander,J"]
[Result "0-1"]
[WhiteElo "2009"]
[BlackElo "2222"]

1.c4 c5 2.g3 Nf6 3.Bg2 e6 4.Nf3 a6 5.O-O b6 6.d4 cxd4 7.Nxd4 Ra7 8.Nc3 Bb7
9.e4 d6 10.b3 Be7 11.Bb2 O-O 12.Qe2 Re8 13.Rad1 Nbd7 14.f4 Qb8 15.Rfe1 e5
16.Nf5 Bf8 17.Nd5 b5 18.a3 bxc4 19.bxc4 Bc6 20.Rb1 Rb7 21.Qc2 Bxd5 22.exd5
exf4 23.Rxe8 Nxe8 24.Be4 g6 25.Nd4 fxg3 26.Nc6 Qc7 27.h4 Ndf6 28.Bd3 Qd7
29.Kg2 Qg4 30.Rf1 Nh5 31.Be2 Nf4+ 32.Rxf4 Qxf4 {#R} 0-1

[Event "Deltalift Open 2017"]
[Site "Tylosand SWE"]
[Date "2017.05.27"]
[Round "8.7"]
[White "Ingbrandt,J"]
[Black "Wallin,D"]
[Result "1-0"]
[WhiteElo "2359"]
[BlackElo "2154"]

1.Nf3 e6 2.c4 b6 3.g3 Bb7 4.Bg2 c5 5.O-O Nf6 6.Nc3 Be7 7.b3 O-O 8.Bb2 d6 9.e3
Nbd7 10.d4 a6 11.d5 exd5 12.Nh4 Ra7 13.Nf5 d4 14.exd4 Bxg2 15.Kxg2 Re8 16.Re1
Bf8 17.Qd2 cxd4 18.Qxd4 Ne5 19.Rad1 Rd7 20.Nd5 Nxd5 21.Qxd5 Qg5 22.Nd4 Ree7
23.Nc6 {#r} 1-0